Word Ladder: Sea Food Quiz Stats

 Plays Quiz Updated Mar 14, 2018

Score 0/20 Timer 02:00
7 Plays Today
Clue 4-Letter Word % Correct
Salmon or bass, e.g.•FISH•
97.5%
Like a useless basketballFLAT
94.7%
Italian automakerFIAT
94.7%
Move smoothly, like waterFLOW
94.4%
____ up; inflate•BLOW•
94%
ImperfectionFLAW
93.3%
Cool! *____ bump*FIST
92.9%
Door ringing device•BELL•
88.6%
Serve up hot gossipDISH
87.1%
Huge party (informal)BASH
85.1%
Clue 4-Letter Word % Correct
Bit of cayenne pepperDASH
82.8%
Fastener pushed by a thumbTACK
81%
Hayloft unitBALE
77.8%
What baby got?BACK
77.7%
Chain partnerBALL
77.5%
India ___ alePALE
77.3%
Baroque era giantBACH
71.8%
Hard or soft shelled snack•TACO•
68.6%
Walk about a yardPACE
64.2%
Frankie in SpanishPACO
57.4%

Today's Daily Dose

Missing Word
TV IA - IZ

Word Ladder
Home Improvement

Get the Picture
Wrist or Ankle Bones

You're not logged in!

Compare scores with friends on all Sporcle quizzes.
OR
Log In

You Might Also Like...

Show Comments

Extras

Top Quizzes Today


Score Distribution

Your Account Isn't Verified!

In order to create a playlist on Sporcle, you need to verify the email address you used during registration. Go to your Sporcle Settings to finish the process.

Report this User

Report this user for behavior that violates our Community Guidelines.

Details: